Hunter x Hunter 2011 Characters - Statistics

General Stats
  • This quiz has been taken 1,929 times
    1,837 since last reset
  • The average score is 34 of 155
Answer Stats
Hint Character % Correct
Recurring main characters Gon Freecss
99%
Killua Zoldyck
98%
Kurapika
94%
Murderous magician Hisoka
93%
Leorio Paradinight
90%
Members of Phantom Troupe Chrollo Lucilfer
73%
Illumi Zoldyck
73%
Ging Freecss
70%
Meruem
66%
Main protagnist's foster mother Mito
63%
An experienced Hunter who looks like a young girl Biscuit Krueger
60%
Netero
60%
Feitan
59%
Silva Zoldyck
59%
Neferpitou
57%
The Zoldyck family members and employees Zeno Zoldyck
56%
Uvogin
54%
Alluka Zoldyck/Something
53%
Kite's research team Kite
50%
Pakunoda
48%
Machi
47%
Shizuku
47%
Pokkle
46%
Nobunaga Hazama
45%
Shaiapouf
45%
Phinks
44%
Master for the former Wing
44%
Kalluto Zoldyck
43%
Menthuthuyoupi
43%
Milluki Zoldyck
43%
Franklin
42%
A young Shingen-ryu martial artist Zushi
42%
Hanzo
41%
Shalnark
41%
Hunter applicants Tonpa
39%
A young Gungi player Komugi
38%
Leol
36%
The Bombers Genthru
35%
Kortopi
34%
The Zodiacs Pariston Hill
34%
Ponzu
34%
Greed Island Game Masters Razor
34%
Neon Nostrade
32%
Team Tsezguerra members Tsezguerra
32%
Chimera Ant Royal Guard and family Queen
31%
Knuckle Bine
30%
Bonolenov
28%
Canary
27%
Chimera Ant Squadron Leaders Colt
26%
Melody
26%
Punitive force members Morel Mackernasey
26%
Shoot McMahon
26%
Gotoh
25%
Palm Siberia
24%
Menchi
23%
Knov
22%
Hunter Exam staff and examiners Satotz
22%
Cheadle Yorkshire
21%
Cheetu
20%
Ikalgo
20%
The shadowy ruler of NGL Gyro
19%
Meleoron
19%
Kastro
18%
Nostrade family members and bodyguards Light Nostrade
18%
Shadow Beasts Owl
18%
Welfin
18%
Worm
18%
Zazan
18%
Bodoro
16%
Buhara
15%
Rabid Dog
15%
Basho
14%
Dwun
14%
Leech
14%
Porcupine
14%
Baise
13%
Heavens Arena fighters Gido
13%
Tsubone
13%
Amane
12%
Beans
12%
Elena
12%
Flutter
11%
Amori
10%
Imori
10%
List
10%
Mizaistom Nana
10%
Peggy
10%
Squala
10%
Umori
10%
Former con-artist Zepile
10%
Bara
9%
Cluck
9%
Lippo
9%
Botobai Gigante
8%
Brovada
8%
Geretta
8%
Kanzai
8%
Chimera Ant Officers Rammot
8%
Sub
8%
Bourbon
7%
Pike
7%
Sadaso
7%
Stick Dinner
7%
Tycoon who buys copies of Greed Island Battera
6%
Ginta
6%
Hina
6%
Leroute
6%
Riehlvelt
6%
Bizeff
5%
Dalzollene
5%
Majitani
5%
Nicolas
5%
Saccho Kobayakawa
5%
Saiyu
5%
Shachmono Tocino
5%
Spinner Clow
5%
Bihorn
4%
One of the pirates terrorizing Soufrabi Bobobo
4%
Cutie Beauty
4%
Eeta
4%
East Gorteau citizens Masador Diego
4%
Seaquant
4%
Sedokan
4%
Todo
4%
Yunju
4%
Zebro
4%
Asta
3%
Banana Kavaro
3%
Barry
3%
Trick Tower prisoners Bendot
3%
Bushidora Ambitious
3%
Goz
3%
Johnnes the Dissector
3%
Lin Koshi
3%
Linne Hors-d'oeuvre
3%
Linssen
3%
Monta Yuras
3%
Piyon
3%
Greed Island players Puhat
3%
Sommy
3%
Geru
2%
Jispa
2%
Kess
2%
Loupe Highland
2%
Marcos
2%
Nickes
2%
Rodriot
2%
Anti-chairman faction Teradein Neutral
2%
Pokkle's expedition team Balda
1%
13th Chairman election candidates Ickshonpe Katocha
1%
Kazsule
1%
Motaricke
1%
Pekuba
1%
Podungo Lapoy
1%
Sanbica Norton
1%
No matching quizzes found
Score Distribution
Percent of People with Each Score
Percentile by Number Answered
Your Score History
You have not taken this quiz since the last reset